000 00279nam a2200121Ia 4500
008 191201s2004 xx 000 0 und d
100 _aBECK, Leland L
245 0 _aSystem Software
260 _aN. Delhi
_bPearson
_c2004
300 _a519
650 _aB.Tech(CSE)
942 _2ddc
_cBK
999 _c372
_d372